000 01181cam a22002894a 4500
001 11878655
005 20161102164210.0
008 000103s2001 maua 001 0 eng
010 _a 00020888
020 _a9780070217485
040 _aDLC
_cDLC
_dDLC
042 _apcc
050 0 0 _aQA76.73.C15
_bF56 2001
082 0 0 _a005.13/3
_221
100 1 _aFischer, Alice E.,
_d1942-
245 1 0 _aApplied C : an introduction and more /
_cAlice E. Fischer, David W. Eggert, Stephen M. Ross.
260 _aBoston :
_bMcGraw-Hill,
_cc2001.
300 _axix, 1116 p. :
_bill. ;
_c24 cm.
650 0 _aC (Computer program language)
700 1 _aEggert, David W.
700 1 _aRoss, Stephen M.
_q(Stephen Mark),
_d1945-
856 4 2 _3Publisher description
_uhttp://www.loc.gov/catdir/description/mh021/00020888.html
856 4 1 _3Table of contents
_uhttp://www.loc.gov/catdir/toc/mh021/00020888.html
906 _a7
_bcbc
_corignew
_d1
_eocip
_f20
_gy-gencatlg
942 _2lcc
_cBK
999 _c47075
_d47075